[Event "Campeonato Femenino 2015"]
[Site "Sochi RUS"]
[Date "2015.03.18"]
[Round "2.22"]
[White "Hoang, Thanh Trang"]
[Black "Arakhamia-Grant, Ketevan"]
[Result "1/2-1/2"]
[WhiteElo "2475"]
[BlackElo "2379"]
[PlyCount "120"]
[EventDate "2015.03.16"]
[EventType "k.o."]
[EventRounds "6"]
[EventCountry "RUS"]
[Source "lmi"]
[SourceDate "2015.03.16"]

1. d4 d5 2. c4 e6 3. Nf3 Nf6 4. Nc3 Nbd7 5. cxd5 exd5 6. Bg5 h6 7. Bh4 c6 8. e3
Be7 9. Bd3 O-O 10. Qc2 Re8 11. O-O Ne4 12. Bxe7 Qxe7 13. Bxe4 dxe4 14. Nd2 Nf6
15. Rfc1 Bf5 16. Rab1 Rad8 17. b4 a6 18. a4 Nd5 19. Qb3 Qg5 20. Nxd5 Rxd5 21.
Qd1 h5 22. Rc5 Red8 23. Rbc1 h4 24. Rxd5 Rxd5 25. Rc5 h3 26. g3 Qd8 27. Qc2 Qe7
28. Qc4 Qd7 29. Nb1 Be6 30. Qc2 f5 31. Nc3 Rxc5 32. bxc5 Bc4 33. Qb1 Qf7 34.
Qb6 Qh5 35. Qd8+ Kh7 36. Qh4 Qxh4 37. gxh4 Kg6 38. f3 exf3 39. Kf2 Kh5 40. e4
fxe4 41. Nxe4 Kxh4 42. Nd6 Bd5 43. Nxb7 Kg4 44. Ke3 f2 45. Kxf2 Kf4 46. Nd6 g6
47. a5 g5 48. Ne8 Ke4 49. Nc7 Kxd4 50. Nxa6 Bc4 51. Nb4 Kxc5 52. a6 Kb6 53. a7
Kxa7 54. Nxc6+ Kb6 55. Ne5 Be6 56. Kg3 Kc5 57. Nf3 g4 58. Ne5 Kd6 59. Nxg4 Bxg4
60. Kxg4 Ke6 1/2-1/2

[Event "Campeonato Femenino 2015"]
[Site "Sochi RUS"]
[Date "2015.03.18"]
[Round "2.24"]
[White "Zhukova, Natalia"]
[Black "Gaponenko, Inna"]
[Result "0-1"]
[WhiteElo "2471"]
[BlackElo "2384"]
[PlyCount "98"]
[EventDate "2015.03.16"]
[EventType "k.o."]
[EventRounds "6"]
[EventCountry "RUS"]
[Source "lmi"]
[SourceDate "2015.03.16"]

1. Nf3 Nf6 2. c4 Nc6 3. d4 e6 4. Bf4 Bb4+ 5. Nbd2 d6 6. a3 Bxd2+ 7. Qxd2 a5 8.
e3 O-O 9. Qc2 Qe7 10. Bg5 h6 11. Bh4 e5 12. O-O-O Re8 13. h3 e4 14. Nd2 g5 15.
Bg3 Nh5 16. Bh2 f5 17. Be2 Nf6 18. Rde1 Bd7 19. f4 a4 20. g4 fxg4 21. fxg5 hxg5
22. hxg4 Kg7 23. d5 Na5 24. Qc3 b6 25. Ref1 Rf8 26. Rf2 Nb7 27. Nf1 Kg6 28. Rg2
Nc5 29. Nd2 Rh8 30. Rhg1 Raf8 31. Kb1 Rh3 32. Ka2 Rfh8 33. Bg3 Rh1 34. Be1 Rxg1
35. Rxg1 Rh2 36. Bd1 b5 37. Bg3 Rh3 38. Bc2 bxc4 39. Qxc4 Qe8 40. Qd4 Bxg4 41.
Nc4 Nb3 42. Qa7 Rh7 43. Rf1 Bf5 44. Qa6 Nc5 45. Qa5 Ng4 46. Bxd6 Nb7 47. Bxc7
Nxa5 48. Nd6 Qd7 49. Rxf5 Qxc7 0-1

[Event "Campeonato Femenino 2015"]
[Site "Sochi RUS"]
[Date "2015.03.18"]
[Round "2.25"]
[White "Daulyte, Deimante"]
[Black "Socko, Monika"]
[Result "1/2-1/2"]
[WhiteElo "2395"]
[BlackElo "2463"]
[PlyCount "79"]
[EventDate "2015.03.16"]
[EventType "k.o."]
[EventRounds "6"]
[EventCountry "RUS"]
[Source "lmi"]
[SourceDate "2015.03.16"]

1. e4 e6 2. d4 d5 3. Nd2 c5 4. exd5 exd5 5. Ngf3 Nf6 6. Bb5+ Bd7 7. Bxd7+ Nbxd7
8. O-O Be7 9. dxc5 Nxc5 10. Nd4 Qd7 11. N2b3 Nce4 12. f3 Nd6 13. Nc5 Qc8 14.
Nd3 O-O 15. Re1 Bd8 16. Be3 Bb6 17. Bf2 a5 18. a4 Re8 19. Qd2 Qd7 20. b3 Rac8
21. Kh1 Qc7 22. Qf4 Bxd4 23. Bxd4 Qxc2 24. Red1 Rc6 25. Rd2 Qxb3 26. Ne5 Rc2
27. Rdd1 Re2 28. Nd3 Nc4 29. Rab1 Qc2 30. Rbc1 Qxa4 31. Bxf6 gxf6 32. Qg3+ Kh8
33. Nf4 Ne3 34. Qh4 Kg8 35. Qxf6 Nxd1 36. Qg5+ Kf8 37. Qh6+ Kg8 38. Qg5+ Kf8
39. Qh6+ Kg8 40. Qg5+ 1/2-1/2

[Event "Campeonato Femenino 2015"]
[Site "Sochi RUS"]
[Date "2015.03.18"]
[Round "2.26"]
[White "Melia, Salome"]
[Black "Sukandar, Irine Kharisma"]
[Result "1/2-1/2"]
[WhiteElo "2459"]
[BlackElo "2415"]
[PlyCount "190"]
[EventDate "2015.03.16"]
[EventType "k.o."]
[EventRounds "6"]
[EventCountry "RUS"]
[Source "lmi"]
[SourceDate "2015.03.16"]

1. e4 e5 2. Nf3 Nc6 3. Bb5 a6 4. Ba4 Nf6 5. O-O Be7 6. Re1 b5 7. Bb3 O-O 8. c3
d6 9. h3 Na5 10. Bc2 c5 11. d4 cxd4 12. cxd4 Qc7 13. Nbd2 Rd8 14. b3 Nc6 15.
Bb2 Qb6 16. Nf1 exd4 17. Nxd4 d5 18. Nxc6 Qxc6 19. e5 Ne4 20. Bd4 Bb7 21. Bd3
Rac8 22. Rc1 Qh6 23. Rxc8 Rxc8 24. Qg4 Qe6 25. Ne3 Qxg4 26. hxg4 Nc5 27. Bb1
Ne6 28. Bb2 g6 29. Rd1 Rd8 30. Bd3 d4 31. Nc2 Bc5 32. Bc1 Bb6 33. Kf1 Nc5 34.
Bg5 Rd7 35. f3 Bc7 36. Bf6 Ne6 37. Kf2 Bb6 38. g3 Rc7 39. Ne1 Rc3 40. Be7 Nc5
41. Bxc5 Bxc5 42. f4 Bc6 43. Nf3 b4 44. Ke2 a5 45. Nd2 Bb6 46. Nb1 Rc5 47. Nd2
Bd7 48. Kf3 a4 49. Nc4 Ba7 50. Be4 axb3 51. axb3 Ba4 52. Rxd4 Bxb3 53. Rd8+ Kg7
54. Nd6 Bd1+ 55. Kg2 Bxg4 56. Ne8+ Kh6 57. Nf6 Bf5 58. g4 Bxe4+ 59. Nxe4 Rc4
60. Kf3 Rd4 61. Ra8 Rd3+ 62. Kg2 Bb6 63. Rb8 Rd4 64. g5+ Kg7 65. Nd6 Ba5 66.
Ne8+ Kf8 67. Nd6+ Ke7 68. Rb5 Bc7 69. Rb7 Rd2+ 70. Kf3 Rc2 71. Ne4 Rc4 72. Ke3
Ke6 73. Kd3 Rc6 74. Rxb4 Kf5 75. Nf6 Ba5 76. Ra4 Be1 77. Nd5 Kg4 78. Ke4 Bd2
79. Nf6+ Kg3 80. Ra3+ Kf2 81. Kd5 Rc2 82. Ne4+ Ke2 83. Nxd2 Rxd2+ 84. Ke4 Rb2
85. e6 fxe6 86. Rh3 Rb7 87. Rh2+ Kf1 88. Ke5 Kg1 89. Rd2 Rf7 90. Rd6 Kf2 91.
Rd3 Kg2 92. Ke4 Rf5 93. Rb3 Rf7 94. Rd3 Rf5 95. Rb3 Rf7 1/2-1/2

[Event "Campeonato Femenino 2015"]
[Site "Sochi RUS"]
[Date "2015.03.18"]
[Round "2.27"]
[White "Atalik, Ekaterina"]
[Black "Girya, Olga"]
[Result "0-1"]
[WhiteElo "2419"]
[BlackElo "2459"]
[PlyCount "108"]
[EventDate "2015.03.16"]
[EventType "k.o."]
[EventRounds "6"]
[EventCountry "RUS"]
[Source "lmi"]
[SourceDate "2015.03.16"]

1. d4 Nf6 2. c4 e6 3. Nf3 Bb4+ 4. Nbd2 b6 5. a3 Bxd2+ 6. Bxd2 Bb7 7. Bg5 d6 8.
e3 Nbd7 9. Rc1 h6 10. Bh4 Qe7 11. Nd2 e5 12. d5 a5 13. Bd3 Nc5 14. Bc2 a4 15.
O-O g5 16. Bg3 Bc8 17. f4 Ng4 18. Qf3 O-O 19. h3 e4 20. Nxe4 Nxe4 21. Bxe4 Nf6
22. Bb1 g4 23. Qf2 Ne4 24. Bh4 Qe8 25. Qc2 f5 26. hxg4 Qg6 27. Rcd1 Qxg4 28.
Be1 Bd7 29. Rf3 Kh7 30. Rh3 Rae8 31. Rh4 Qg7 32. Qe2 Qg6 33. Qf3 Rg8 34. Rh3
Re7 35. g3 Rge8 36. Rh2 b5 37. cxb5 Nf6 38. Re2 Bxb5 39. Bd3 Bxd3 40. Rxd3 Re4
41. Bc3 Ng4 42. Bd4 Qf7 43. Bc3 R8e7 44. Re1 Qh5 45. Re2 Qe8 46. Bd4 Qb5 47.
Red2 Qe8 48. Re2 Qb5 49. Red2 Qe8 50. Qd1 Rxd4 51. Rxd4 Rxe3 52. Kg2 Re1 53.
Qxa4 Re2+ 54. Kf1 Nh2+ 0-1

[Event "Campeonato Femenino 2015"]
[Site "Sochi RUS"]
[Date "2015.03.18"]
[Round "2.28"]
[White "Shen, Yang"]
[Black "Kashlinskaya, Alina"]
[Result "1/2-1/2"]
[WhiteElo "2459"]
[BlackElo "2436"]
[PlyCount "85"]
[EventDate "2015.03.16"]
[EventType "k.o."]
[EventRounds "6"]
[EventCountry "RUS"]
[Source "lmi"]
[SourceDate "2015.03.16"]

1. d4 Nf6 2. c4 e6 3. Nc3 Bb4 4. Qc2 O-O 5. Nf3 d5 6. cxd5 exd5 7. Bg5 h6 8.
Bh4 c5 9. e3 cxd4 10. Nxd4 Nc6 11. Rd1 Bg4 12. Be2 Nxd4 13. Rxd4 Bxc3+ 14. Qxc3
Rc8 15. Qd2 Bxe2 16. Kxe2 g5 17. Bg3 Qb6 18. f3 Qa6+ 19. Kf2 Qxa2 20. Rb4 Rfe8
21. Rxb7 d4 22. exd4 Qd5 23. Rc7 Qf5 24. Re1 Rxc7 25. Bxc7 Rc8 26. Re5 Ng4+ 27.
Kg3 Nxe5 28. Bxe5 f6 29. Bd6 Qd5 30. Qb4 h5 31. Bc5 h4+ 32. Kf2 Qe6 33. Qd2 a6
34. b4 Re8 35. d5 Qe5 36. d6 Rd8 37. Qd3 Qb2+ 38. Kg1 Qc1+ 39. Kf2 Qb2+ 40. Kg1
Qa1+ 41. Kf2 Qa2+ 42. Kg1 Qa1+ 43. Kf2 1/2-1/2

[Event "Campeonato Femenino 2015"]
[Site "Sochi RUS"]
[Date "2015.03.18"]
[Round "2.29"]
[White "Kovalevskaya, Ekaterina"]
[Black "Khurtsidze, Nino"]
[Result "1/2-1/2"]
[WhiteElo "2438"]
[BlackElo "2457"]
[PlyCount "38"]
[EventDate "2015.03.16"]
[EventType "k.o."]
[EventRounds "6"]
[EventCountry "RUS"]
[Source "lmi"]
[SourceDate "2015.03.16"]

1. e4 c5 2. Nf3 e6 3. d4 cxd4 4. Nxd4 Nf6 5. Nc3 d6 6. Be2 a6 7. O-O Qc7 8. f4
b5 9. Bf3 Bb7 10. e5 dxe5 11. fxe5 Nfd7 12. Bf4 Bc5 13. Ne4 Bxe4 14. Bxe4 Nc6
15. c3 Rd8 16. Kh1 Ne7 17. Qh5 Bxd4 18. cxd4 Ng6 19. Bg5 Rc8 1/2-1/2

[Event "Campeonato Femenino 2015"]
[Site "Sochi RUS"]
[Date "2015.03.18"]
[Round "2.30"]
[White "Goryachkina, Aleksandra"]
[Black "Mkrtchian, Lilit"]
[Result "1/2-1/2"]
[WhiteElo "2456"]
[BlackElo "2443"]
[PlyCount "53"]
[EventDate "2015.03.16"]
[EventType "k.o."]
[EventRounds "6"]
[EventCountry "RUS"]
[Source "lmi"]
[SourceDate "2015.03.16"]

1. d4 Nf6 2. c4 e6 3. Nf3 b6 4. g3 Bb4+ 5. Bd2 Be7 6. Bg2 c6 7. O-O d5 8. Nc3
O-O 9. Qb3 Bb7 10. Rfd1 Nbd7 11. cxd5 cxd5 12. a4 a6 13. Rac1 Rc8 14. Be1 Bd6
15. Na2 Rxc1 16. Rxc1 Qb8 17. e3 Rc8 18. Rb1 Ne4 19. Bf1 Qc7 20. Nd2 Nxd2 21.
Bxd2 g6 22. Bd3 Qd8 23. Bb4 Qe7 24. Bxd6 Qxd6 25. Qb4 Qxb4 26. Nxb4 Nb8 27. Kf1
1/2-1/2

[Event "Campeonato Femenino 2015"]
[Site "Sochi RUS"]
[Date "2015.03.18"]
[Round "2.31"]
[White "Guo, Qi"]
[Black "Pogonina, Natalija"]
[Result "0-1"]
[WhiteElo "2443"]
[BlackElo "2456"]
[PlyCount "124"]
[EventDate "2015.03.16"]
[EventType "k.o."]
[EventRounds "6"]
[EventCountry "RUS"]
[Source "lmi"]
[SourceDate "2015.03.16"]

1. d4 Nf6 2. Nf3 d5 3. c4 e6 4. Nc3 Be7 5. cxd5 exd5 6. Bg5 c6 7. Qc2 Nbd7 8.
e3 Nh5 9. Bxe7 Qxe7 10. Be2 Nhf6 11. Nd2 Nb6 12. O-O O-O 13. Bd3 Bg4 14. Rab1
Bh5 15. b4 a6 16. Na4 Nxa4 17. Qxa4 Bg6 18. Bxg6 hxg6 19. Qc2 Ne8 20. a4 Nd6
21. Rfc1 Rfe8 22. Qd3 Rac8 23. Nb3 g5 24. Nc5 g6 25. Re1 g4 26. Qe2 Qh4 27. f4
Kg7 28. g3 Qh3 29. Qg2 Qh5 30. Rb2 Re7 31. Qf1 Nc4 32. Rbe2 Rce8 33. Qf2 a5 34.
bxa5 Qf5 35. Nb3 Qd3 36. Nc5 Qf5 37. Nb3 Kf8 38. Nc5 Nxa5 39. Rb2 Kg7 40. Rb4
Kg8 41. Re2 Qc8 42. Nd3 f6 43. Nb2 Qc7 44. Qe1 b6 45. Qc3 Kg7 46. Kf2 Nb7 47.
Nd1 Nd6 48. Qd3 c5 49. dxc5 bxc5 50. Rbb2 Ne4+ 51. Kg1 Qc6 52. a5 d4 53. Rb6
Qd5 54. a6 Rd7 55. Reb2 Nd6 56. Rf2 Nf5 57. Re2 c4 58. Qb1 d3 59. Ra2 Nxe3 60.
Nc3 Qd4 61. Rb7 Nd5+ 62. Kf1 Nxc3 0-1

[Event "Campeonato Femenino 2015"]
[Site "Sochi RUS"]
[Date "2015.03.18"]
[Round "2.32"]
[White "Lei, Tingjie"]
[Black "Cori Tello, Deysi"]
[Result "1-0"]
[WhiteElo "2444"]
[BlackElo "2444"]
[PlyCount "241"]
[EventDate "2015.03.16"]
[EventType "k.o."]
[EventRounds "6"]
[EventCountry "RUS"]
[Source "lmi"]
[SourceDate "2015.03.16"]

1. c4 Nf6 2. Nc3 g6 3. d4 Bg7 4. e4 d6 5. Be2 O-O 6. Nf3 c5 7. O-O Bg4 8. Be3
Bxf3 9. Bxf3 cxd4 10. Bxd4 Nc6 11. Be3 Rc8 12. b3 a6 13. Rc1 Nd7 14. Bg4 Nce5
15. Bh3 h5 16. f4 Ng4 17. Bxg4 hxg4 18. Qxg4 b5 19. Qe2 bxc4 20. bxc4 e6 21.
Rfd1 Rc6 22. e5 dxe5 23. Qd3 exf4 24. Bf2 f3 25. Qxf3 Rxc4 26. Ne4 Rxc1 27.
Rxc1 Ne5 28. Qe2 Qd3 29. Qe1 Ng4 30. Rd1 Qc4 31. Bh4 f5 32. Ng5 Bd4+ 33. Kh1 e5
34. Qa5 Ne3 35. Rg1 Rc8 36. Nf3 Qb5 37. Qa3 Nc4 38. Qe7 Qe8 39. Qxe8+ Rxe8 40.
Rd1 Ne3 41. Rc1 f4 42. h3 Nf5 43. Bf6 Be3 44. Rc6 e4 45. Ng5 Bf2 46. Bb2 Bd4
47. Bxd4 Nxd4 48. Rxg6+ Kh8 49. Rh6+ Kg7 50. Rd6 Ne2 51. Rxa6 e3 52. Ne6+ Kf7
53. Ng5+ Kg7 54. Ne6+ Kf7 55. Ng5+ Kg8 56. Ne6 Rc8 57. Kh2 Rc1 58. Ra3 Re1 59.
Ra4 Rf1 60. Ra3 Re1 61. Ra4 Ng3 62. Nxf4 Nf1+ 63. Kg1 Nd2+ 64. Kh2 Rf1 65. Kg3
Rf2 66. Ra8+ Kf7 67. Ra7+ Ke8 68. Nd5 Nf1+ 69. Kh4 e2 70. Re7+ Kf8 71. Re5 Rxg2
72. Nf4 Rf2 73. Nxe2 Nd2 74. Kg4 Rg2+ 75. Kf4 Nc4 76. Kf3 Rg6 77. Rc5 Nd2+ 78.
Kf4 Rg2 79. Nc3 Rh2 80. Kg3 Nf1+ 81. Kh4 Kg7 82. a4 Rc2 83. a5 Ne3 84. a6 Rc1
85. a7 Ra1 86. Nb5 Kf6 87. Rc8 Nf5+ 88. Kg4 Ra4+ 89. Kf3 Nd4+ 90. Nxd4 Rxa7 91.
h4 Ra4 92. Ke4 Kg6 93. Rc5 Ra1 94. Rg5+ Kf6 95. Rg3 Ra5 96. Rg1 Ra2 97. Nf3
Ra4+ 98. Ke3 Ra3+ 99. Kf2 Kf5 100. Kg3 Ra4 101. Rf1 Ra3 102. Rb1 Ra4 103. Rb5+
Kg6 104. h5+ Kh6 105. Nh2 Ra3+ 106. Kh4 Ra1 107. Ng4+ Kg7 108. Kg5 Rg1 109. Rb6
Kh7 110. Rh6+ Kg7 111. Rg6+ Kf7 112. Kh6 Rh1 113. Ne5+ Kf8 114. Nd7+ Kf7 115.
Rg7+ Ke6 116. Nf8+ Kf6 117. Nh7+ Kf5 118. Rg5+ Ke6 119. Rg3 Kf5 120. Rg5+ Ke6
121. Kg7 1-0

[Event "Campeonato Femenino 2015"]
[Site "Sochi RUS"]
[Date "2015.03.19"]
[Round "3.3"]
[White "Lujan, Carolina"]
[Black "Galliamova, Alisa"]
[Result "1-0"]
[WhiteElo "2349"]
[BlackElo "2484"]
[PlyCount "124"]
[EventDate "2015.03.16"]
[EventType "k.o."]
[EventRounds "6"]
[EventCountry "RUS"]
[Source "lmi"]
[SourceDate "2015.03.16"]

1. e4 c5 2. Nf3 e6 3. d4 cxd4 4. Nxd4 Nc6 5. Nb5 d6 6. Bf4 e5 7. Be3 Nf6 8. Bg5
a6 9. Bxf6 gxf6 10. N5c3 Be6 11. Nd5 Bg7 12. Nbc3 O-O 13. Bd3 b5 14. Ne3 Bh6
15. Ng4 Bg7 16. O-O Ne7 17. Ne3 Rc8 18. Qh5 Rc5 19. Rad1 h6 20. Ncd5 f5 21.
Nxe7+ Qxe7 22. Nxf5 Bxf5 23. Qxf5 Qe6 24. Qh5 Qxa2 25. b3 Qb2 26. Rfe1 Re8 27.
Re3 Re6 28. Rg3 Rc7 29. Qh4 Rce7 30. Qg4 f6 31. Qf5 Qa3 32. Qg6 f5 33. Qxf5 Qc5
34. Qg4 Rf6 35. Rf1 a5 36. Rf3 Rxf3 37. Qxf3 a4 38. bxa4 bxa4 39. Qe2 Kh7 40.
h4 a3 41. Bc4 Ra7 42. Ba2 Rc7 43. Rc1 Qc3 44. Be6 Qb2 45. Qd1 a2 46. Ra1 Ra7
47. h5 Bf6 48. Kh2 Bg5 49. Bf5+ Kg7 50. Be6 Bf4+ 51. g3 Bg5 52. Kh3 Ra6 53. Qf3
Ra7 54. Rxa2 Qb7 55. Rxa7 Qxa7 56. Qf5 Qb8 57. Qg6+ Kh8 58. Qf7 Qd8 59. c4 Bf6
60. f4 exf4 61. gxf4 Bg7 62. Bf5 Qb8 1-0

[Event "Campeonato Femenino 2015"]
[Site "Sochi RUS"]
[Date "2015.03.19"]
[Round "3.4"]
[White "Gomes, Mary Ann"]
[Black "Kosintseva, Tatiana"]
[Result "0-1"]
[WhiteElo "2354"]
[BlackElo "2483"]
[PlyCount "88"]
[EventDate "2015.03.16"]
[EventType "k.o."]
[EventRounds "6"]
[EventCountry "RUS"]
[Source "lmi"]
[SourceDate "2015.03.16"]

1. e4 e5 2. Nf3 Nc6 3. Bb5 a6 4. Ba4 Nf6 5. O-O Be7 6. Re1 b5 7. Bb3 O-O 8. a4
b4 9. d4 d6 10. dxe5 dxe5 11. Nbd2 Bc5 12. Qe2 Qe7 13. h3 a5 14. c3 Rb8 15. Bc4
Nh5 16. Nb3 Nf4 17. Bxf4 exf4 18. Nxc5 Qxc5 19. e5 bxc3 20. bxc3 Be6 21. Bd3
Ne7 22. Ng5 h6 23. Nf3 Rfd8 24. Rac1 Rb3 25. Qc2 Rdb8 26. Bb5 Nf5 27. Nd4 Nxd4
28. cxd4 Qxd4 29. Qxc7 Rf8 30. Qc5 Qxc5 31. Rxc5 f3 32. g4 h5 33. gxh5 Rd8 34.
Kh2 Kh7 35. Kg3 Kh6 36. Bc6 Rd4 37. Bxf3 Rxa4 38. Re3 Rxe3 39. fxe3 Ra1 40. Rb5
a4 41. Rb8 a3 42. Kf4 g5+ 43. hxg6 fxg6 44. Bg4 a2 0-1

[Event "Campeonato Femenino 2015"]
[Site "Sochi RUS"]
[Date "2015.03.19"]
[Round "3.5"]
[White "Guramishvili, Sopiko"]
[Black "Javakhishvili, Lela"]
[Result "1/2-1/2"]
[WhiteElo "2367"]
[BlackElo "2481"]
[PlyCount "96"]
[EventDate "2015.03.16"]
[EventType "k.o."]
[EventRounds "6"]
[EventCountry "RUS"]
[Source "lmi"]
[SourceDate "2015.03.16"]

1. d4 d6 2. Nf3 g6 3. c4 Bg7 4. Nc3 Bg4 5. g3 Bxf3 6. exf3 e6 7. Be3 Ne7 8. Bg2
Nf5 9. O-O Nc6 10. d5 exd5 11. cxd5 Nxe3 12. fxe3 Ne5 13. Rc1 O-O 14. f4 Nd7
15. e4 Re8 16. Kh1 Nc5 17. b4 Bxc3 18. bxc5 Bg7 19. Qb3 Rb8 20. Qc4 Qe7 21. Rc2
h5 22. Bf3 h4 23. Re2 hxg3 24. hxg3 b5 25. cxb6 Rxb6 26. Rc1 Qd7 27. Kg2 Re7
28. Rec2 Bb2 29. Rb1 Bf6 30. Rxb6 axb6 31. Re2 Re8 32. Rc2 Re7 33. Re2 Re8 34.
Qc1 Kg7 35. g4 Bd4 36. Qc4 Bc5 37. Qc3+ Kg8 38. Kg3 Qa4 39. Rh2 Qd4 40. Qxd4
Bxd4 41. Rc2 Bc5 42. Re2 f6 43. Rc2 Kg7 44. a4 g5 45. Rc4 Re7 46. Be2 Be3 47.
f5 Bc5 48. Bd3 Re8 1/2-1/2

[Event "Campeonato Femenino 2015"]
[Site "Sochi RUS"]
[Date "2015.03.19"]
[Round "3.6"]
[White "Paehtz, Elisabeth"]
[Black "Arabidze, Meri"]
[Result "1/2-1/2"]
[WhiteElo "2479"]
[BlackElo "2374"]
[PlyCount "40"]
[EventDate "2015.03.16"]
[EventType "k.o."]
[EventRounds "6"]
[EventCountry "RUS"]
[Source "lmi"]
[SourceDate "2015.03.16"]

1. d4 Nf6 2. c4 e6 3. Nc3 Bb4 4. e3 c5 5. Nge2 cxd4 6. exd4 d5 7. c5 Ne4 8. Bd2
Nxd2 9. Qxd2 O-O 10. a3 Ba5 11. b4 Bc7 12. g3 b6 13. Bg2 bxc5 14. dxc5 Nc6 15.
O-O Be5 16. Rad1 Rb8 17. Rfe1 Ba6 18. Nf4 Bc4 19. Nd3 Bxc3 20. Qxc3 a5 1/2-1/2

[Event "Campeonato Femenino 2015"]
[Site "Sochi RUS"]
[Date "2015.03.19"]
[Round "3.7"]
[White "Huang, Qian"]
[Black "Kovanova, Baira"]
[Result "1/2-1/2"]
[WhiteElo "2473"]
[BlackElo "2381"]
[PlyCount "128"]
[EventDate "2015.03.16"]
[EventType "k.o."]
[EventRounds "6"]
[EventCountry "RUS"]
[Source "lmi"]
[SourceDate "2015.03.16"]

1. d4 Nf6 2. g3 e6 3. Bg2 Be7 4. e4 d6 5. Ne2 O-O 6. O-O c5 7. d5 exd5 8. exd5
Bf5 9. Nbc3 Qd7 10. a4 Na6 11. Nf4 Nb4 12. Nd3 Rac8 13. Ne1 Rfe8 14. Ne2 Bf8
15. Be3 Bg4 16. c4 Bf5 17. Bd2 Nd3 18. Bc3 Nxe1 19. Bxe1 Ng4 20. b3 Ne5 21. Nc1
Be7 22. Ra2 Bf6 23. f3 h5 24. Bf2 Re7 25. Kh1 Rce8 26. Bg1 Ng6 27. Nd3 h4 28.
Re1 Bxd3 29. Rxe7 Qxe7 30. Qxd3 hxg3 31. hxg3 Qe1 32. Kh2 Qe5 33. Bf2 Qh5+ 34.
Kg1 Ne5 35. Qe4 Re7 36. Rd2 Nc6 37. Qg4 Qxg4 38. fxg4 Ne5 39. Kf1 Nxg4 40. Re2
Ne5 41. Be3 Nd3 42. Bf4 Ne5 43. Bxe5 Bxe5 44. Bf3 g6 45. Kg2 Kg7 46. Re1 f5 47.
Bd1 b6 48. Bc2 Kf6 49. Bd3 g5 50. Bc2 f4 51. gxf4 gxf4 52. Rh1 Rg7+ 53. Kf2 Ke7
54. Rh7 Rxh7 55. Bxh7 Kd7 56. Kf3 Kc7 57. Be4 Kb7 58. Ke2 Ka6 59. Kd3 Ka5 60.
Kc2 Ka6 61. Kd3 Kb7 62. Bf3 Kc7 63. Ke4 Kd7 64. Kf5 Ke8 1/2-1/2

[Event "Campeonato Femenino 2015"]
[Site "Sochi RUS"]
[Date "2015.03.19"]
[Round "3.8"]
[White "Socko, Monika"]
[Black "Daulyte, Deimante"]
[Result "0-1"]
[WhiteElo "2463"]
[BlackElo "2395"]
[PlyCount "118"]
[EventDate "2015.03.16"]
[EventType "k.o."]
[EventRounds "6"]
[EventCountry "RUS"]
[Source "lmi"]
[SourceDate "2015.03.16"]

1. Nf3 d5 2. g3 Nf6 3. Bg2 c5 4. O-O Nc6 5. d4 e6 6. c4 dxc4 7. Qa4 Bd7 8. Qxc4
b5 9. Qd3 c4 10. Qd1 Rc8 11. Re1 Be7 12. e4 Nb4 13. Ne5 O-O 14. Nc3 a6 15. Bf4
Be8 16. a3 Nc6 17. Nxc6 Rxc6 18. e5 Nd5 19. Bxd5 exd5 20. Qf3 Qc8 21. Nxd5 Bd8
22. Bd2 Bd7 23. Bb4 Bg4 24. Qf4 Re8 25. Bd6 Ba5 26. Rec1 Be6 27. Ne3 Bd2 28.
Rd1 c3 29. bxc3 Bxe3 30. fxe3 Rxc3 31. Bc5 Qc6 32. Rf1 Rc2 33. Rf2 Rxf2 34.
Kxf2 Bd5 35. Re1 Be4 36. Kg1 h6 37. Rf1 Qd5 38. Qg4 Bh1 39. Rf2 Re6 40. Qf5 Rc6
41. e6 fxe6 42. Qg6 Rc8 43. h4 Be4 44. Qf7+ Kh7 45. Kh2 a5 46. Bf8 Rxf8 47.
Qxf8 Qc4 48. Qf4 Qd3 49. Rf1 b4 50. axb4 axb4 51. Kh3 b3 52. Rf2 Qb1 53. Rh2
Bd3 54. h5 b2 55. Kh4 Qc1 56. Rxb2 Qh1+ 57. Kg4 Bf5+ 58. Qxf5+ exf5+ 59. Kf4
Qe4# 0-1

[Event "Campeonato Femenino 2015"]
[Site "Sochi RUS"]
[Date "2015.03.19"]
[Round "3.9"]
[White "Melia, Salome"]
[Black "Sukandar, Irine Kharisma"]
[Result "1-0"]
[WhiteElo "2459"]
[BlackElo "2415"]
[PlyCount "109"]
[EventDate "2015.03.16"]
[EventType "k.o."]
[EventRounds "6"]
[EventCountry "RUS"]
[Source "lmi"]
[SourceDate "2015.03.16"]

1. e4 e5 2. Nf3 Nc6 3. Bb5 a6 4. Ba4 Nf6 5. O-O Be7 6. Re1 b5 7. Bb3 O-O 8. c3
d6 9. h3 Na5 10. Bc2 c5 11. d4 cxd4 12. cxd4 Qc7 13. Nbd2 Nc6 14. Nb3 a5 15.
Be3 a4 16. Nbd2 Bd7 17. Rc1 Qb7 18. Bb1 Rfe8 19. Nf1 Bd8 20. Ng3 h6 21. Qe2 Bb6
22. dxe5 Nxe5 23. Nh4 Bxe3 24. Qxe3 Nc4 25. Qf4 Qb6 26. Nhf5 Bxf5 27. Nxf5 Re6
28. Rc3 Nd5 29. exd5 Rxe1+ 30. Kh2 Ne5 31. Rg3 Kf8 32. Rxg7 Rf1 33. Rh7 Ke8 34.
Ne3 Rxb1 35. Rh8+ Kd7 36. Rxa8 Rxb2 37. Qf5+ Ke7 38. Qf4 Kd7 39. Rh8 Rxa2 40.
Qf5+ Ke7 41. Qc8 Rxf2 42. Qf8+ Kf6 43. Rxh6+ Ng6 44. Ng4+ Kg5 45. Rxg6+ Kxg6
46. Qg8+ Kf5 47. Qxf7+ Ke4 48. Nxf2+ Ke3 49. Qf3+ Kd2 50. Ne4+ Kc2 51. Qc3+ Kb1
52. Nd2+ Ka2 53. Qc2+ Ka3 54. Nb1+ Kb4 55. Qc3# 1-0

[Event "Campeonato Femenino 2015"]
[Site "Sochi RUS"]
[Date "2015.03.19"]
[Round "3.11"]
[White "Goryachkina, Aleksandra"]
[Black "Mkrtchian, Lilit"]
[Result "1-0"]
[WhiteElo "2456"]
[BlackElo "2443"]
[PlyCount "67"]
[EventDate "2015.03.16"]
[EventType "k.o."]
[EventRounds "6"]
[EventCountry "RUS"]
[Source "lmi"]
[SourceDate "2015.03.16"]

1. d4 Nf6 2. c4 e6 3. Nf3 b6 4. g3 Bb7 5. Bg2 Be7 6. Nc3 O-O 7. O-O Na6 8. b3
d5 9. cxd5 Nxd5 10. Bb2 Nxc3 11. Bxc3 Bf6 12. Rc1 Rc8 13. Qd3 c5 14. Ng5 Bxg5
15. Bxb7 Bxc1 16. Rxc1 Nb4 17. Bxb4 Rb8 18. dxc5 Qxd3 19. exd3 Rxb7 20. c6 Rc7
21. Bd6 Rfc8 22. Bxc7 Rxc7 23. b4 b5 24. a4 a6 25. axb5 axb5 26. Rc5 Kf8 27.
Kg2 Ke7 28. Kf3 Kd6 29. Rxb5 Rxc6 30. Rb7 Rc3 31. Ke3 Rb3 32. Rxf7 Rxb4 33.
Rxg7 h5 34. h4 1-0

[Event "Campeonato Femenino 2015"]
[Site "Sochi RUS"]
[Date "2015.03.19"]
[Round "4.1"]
[White "Zuriel, Marisa"]
[Black "Zhao, Xue"]
[Result "0-1"]
[WhiteElo "2219"]
[BlackElo "2527"]
[PlyCount "78"]
[EventDate "2015.03.16"]
[EventType "k.o."]
[EventRounds "6"]
[EventCountry "RUS"]
[Source "lmi"]
[SourceDate "2015.03.16"]

1. e4 Nf6 2. e5 Nd5 3. d4 d6 4. c4 Nb6 5. exd6 exd6 6. Nc3 Be7 7. Be3 O-O 8.
Qf3 Qd7 9. h3 Qf5 10. Qd1 Qg6 11. Nge2 Bg5 12. Nf4 Bxf4 13. Bxf4 Re8+ 14. Be3
Nc6 15. Qd2 d5 16. b3 dxc4 17. bxc4 Na5 18. c5 Nbc4 19. Qe2 b6 20. Rc1 bxc5 21.
dxc5 Rb8 22. Nd5 Qc6 23. Nf4 Bf5 24. Rxc4 Rb1+ 25. Rc1 Rxc1+ 26. Bxc1 Rxe2+ 27.
Bxe2 g5 28. Nh5 Qxg2 29. Ng3 Be6 30. Bxg5 Bc4 31. Bd1 Bd3 32. h4 Nc4 33. h5 Qd5
34. Rg1 Kf8 35. Bh6+ Ke7 36. Bb3 Qxc5 37. Nf1 Qe5+ 38. Be3 Qa1+ 39. Bd1 Bc2 0-1

[Event "Campeonato Femenino 2015"]
[Site "Sochi RUS"]
[Date "2015.03.19"]
[Round "4.2"]
[White "Muzychuk, Mariya"]
[Black "Yuan, Yuanling"]
[Result "1/2-1/2"]
[WhiteElo "2526"]
[BlackElo "2257"]
[PlyCount "72"]
[EventDate "2015.03.16"]
[EventType "k.o."]
[EventRounds "6"]
[EventCountry "RUS"]
[Source "lmi"]
[SourceDate "2015.03.16"]

1. d4 Nf6 2. c4 e6 3. Nc3 Bb4 4. Qc2 d5 5. a3 Bxc3+ 6. Qxc3 Ne4 7. Qc2 O-O 8.
Nf3 c5 9. dxc5 Nxc5 10. e3 Nc6 11. b4 Ne4 12. Bd3 f5 13. Bb2 a6 14. O-O Bd7 15.
cxd5 exd5 16. Rfd1 Qe7 17. b5 axb5 18. Bxb5 Be6 19. Qe2 Rac8 20. a4 Rfd8 21.
Rac1 Bf7 22. Nd4 Nxd4 23. Bxd4 Qe6 24. Qb2 Qg6 25. Rxc8 Rxc8 26. Rc1 Rxc1+ 27.
Qxc1 Nd6 28. h3 Nc4 29. Qb1 Na3 30. Qb2 Nxb5 31. Qxb5 Qa6 32. Qxa6 bxa6 33. h4
Be8 34. a5 Kf7 35. Kh2 Kg6 36. Kg3 Bb5 1/2-1/2